Амбигвы (Запись № 10973341)

Подробности
000 -МАРКЕР
контрольное поле 02377nam0a2200469 4500
001 - ИДЕНТИФИКАТОР ЗАПИСИ
контрольное поле RU\NLR\BIBL_A\012228672
005 - ИДЕНТИФИКАТОР ВЕРСИИ
контрольное поле 20200324101142.0
010 ## - МЕЖДУНАРОДНЫЙ СТАНДАРТНЫЙ НОМЕР КНИГИ (ISBN)
Номер (ISBN) 978-5-04-107867-6
Тираж 1000
021 ## - НОМЕР ГОСУДАРСТВЕННОЙ РЕГИСТРАЦИИ
Код страны Российская Федерация
Номер КН-П-20-000631
Номер Листа государственной регистраци КН-П-20-0040
035 ## - ДРУГИЕ СИСТЕМНЫЕ НОМЕРА
Идентификатор записи (NLR Aleph) 012228672
035 ## - ДРУГИЕ СИСТЕМНЫЕ НОМЕРА
Идентификатор записи (RuMoRGB)010226028
100 ## - ДАННЫЕ ОБЩЕЙ ОБРАБОТКИ
Данные общей обработки 20200225d2020 u y0rusy50 ca
101 1# - ЯЗЫК РЕСУРСА
Язык текста, звукозаписи и т.д. русский
Язык оригинала греческий (древнегр.)
Язык резюме английский
102 ## - СТРАНА ПУБЛИКАЦИИ ИЛИ ПРОИЗВОДСТВА
Страна публикации Российская Федерация
105 ## - ПОЛЕ КОДИРОВАННЫХ ДАННЫХ: ТЕКСТОВЫЕ МАТЕРИАЛЫ, МОНОГРАФИЧЕСКИЕ
Кодированные данные о монографическом текстовом документе ||||wzzz0||zy
181 #0 - ПОЛЕ КОДИРОВАННЫХ ДАННЫХ: ВИД СОДЕРЖАНИЯ
Код вида содержания (ISBD) i
Код характеристики содержания (ISBD) axxe
182 #0 - ПОЛЕ КОДИРОВАННЫХ ДАННЫХ: ТИП СРЕДСТВА
Код типа средства (ISBD) n - непосредственное
200 1# - ЗАГЛАВИЕ И СВЕДЕНИЯ ОБ ОТВЕТСТВЕННОСТИ
Основное заглавие Амбигвы
Наименование части Трудности к Фоме
-- Трудности к Иоанну
Первые сведения об ответственности преп. Максим Исповедник
Последующие сведения об ответственности перевод с древнегреческого Д. А. Черноглазова и А. М. Шуфрина
-- Греческий институт в Санкт-Петербурге, Ахтырский Свято-Троицкий монастырь
203 ## - ВИД СОДЕРЖАНИЯ И ТИП СРЕДСТВА
Вид содержания Текст
Дополнительные сведения об издании визуальный
Тип средства непосредственный
210 ## - ПУБЛИКАЦИЯ, РАСПРОСТРАНЕНИЕ И ДР.
Место издания, распространения и т.д. Москва
Имя издателя, распространителя и т. д. Эксмо
Дата издания, распространения и т.д. 2020
215 ## - ФИЗИЧЕСКАЯ ХАРАКТЕРИСТИКА
Специфическое обозначение материала и объем 991 с.
Размеры 24
225 1# - СЕРИЯ
Основное заглавие серии Византийская философия
Параллельное заглавие серии ΣΜΑΡΑΓΔΟΣ ΦΙΛΟΚΑΛΙΑΣ
Обозначение тома т. 18
Язык параллельного заглавия греческий (совр.)
300 ## - ОБЩИЕ ПРИМЕЧАНИЯ
Текст примечания Рез. англ.
320 ## - ПРИМЕЧАНИЯ О НАЛИЧИИ В ДОКУМЕНТЕ БИБЛИОГРАФИИ / УКАЗАТЕЛЯ
Текст примечания Библиогр.: с. 899-912 и в тексте коммент.
320 ## - ПРИМЕЧАНИЯ О НАЛИЧИИ В ДОКУМЕНТЕ БИБЛИОГРАФИИ / УКАЗАТЕЛЯ
Текст примечания Указ. в тексте
327 1# - ПРИМЕЧАНИЯ О СОДЕРЖАНИИ
Текст примечания В кн. также: Биобиблиографический очерк жизни и творчества прп. Максима / Г.И. Беневич
500 10 - УНИФИЦИРОВАННОЕ ЗАГЛАВИЕ
Графика поля Кириллица
Унифицированное заглавие Трудности к Фоме
Системный номер авторитетной/нормативной записи 2638347
Идентификатор авторитетной / нормативной записи RU\NLR\AUTH\5507375
500 10 - УНИФИЦИРОВАННОЕ ЗАГЛАВИЕ
Графика поля Кириллица
Унифицированное заглавие Трудности к Иоанну
Системный номер авторитетной/нормативной записи 2638348
Идентификатор авторитетной / нормативной записи RU\NLR\AUTH\5507376
606 1# - НАИМЕНОВАНИЕ ТЕМЫ КАК ПРЕДМЕТ
Наименование темы Патристика
Системный номер авторитетной/нормативной записи 2291912
Идентификатор авторитетной/нормативной записи RU\NLR\AUTH\661372588
686 2# - ИНДЕКСЫ ДРУГИХ КЛАССИФИКАЦИЙ
Индекс Э37-4
700 #0 - ИМЯ ЛИЦА - ПЕРВИЧНАЯ ОТВЕТСТВЕННОСТЬ
Графика поля Кириллица
Материалы, к которым относится поле rus
Начальный элемент ввода Максим Исповедник
Даты ок.580-662
Системный номер авторитетной/нормативной записи 123679
Идентификатор авторитетной/нормативной записи RU\NLR\AUTH\7714001
702 #0 - ИМЯ ЛИЦА - ВТОРИЧНАЯ ОТВЕТСТВЕННОСТЬ
Код отношения Адресат, Получатель писем
Графика поля Кириллица
Материалы, к которым относится поле rus
Начальный элемент ввода Фома
Дополнения к именам, кроме дат монах
Даты 7 в.
Системный номер авторитетной/нормативной записи 217237
Идентификатор авторитетной/нормативной записи RU\NLR\AUTH\770217293
702 #0 - ИМЯ ЛИЦА - ВТОРИЧНАЯ ОТВЕТСТВЕННОСТЬ
Код отношения Адресат, Получатель писем
Графика поля Кириллица
Материалы, к которым относится поле rus
Начальный элемент ввода Иоанн
Дополнения к именам, кроме дат митрополит Кизический
Даты 7 в.
Системный номер авторитетной/нормативной записи 217244
Идентификатор авторитетной/нормативной записи RU\NLR\AUTH\770217300
702 #1 - ИМЯ ЛИЦА - ВТОРИЧНАЯ ОТВЕТСТВЕННОСТЬ
Начальный элемент ввода Черноглазов
Часть имени, кроме начального элемента ввода Д. А.
Расширение инициалов личного имени Дмитрий Александрович
Код отношения Переводчик
942 ## - ДОПОЛНИТЕЛЬНЫЕ ЭЛЕМЕНТЫ ЗАПИСИ (АБИС)
Тип экземпляра АБИС Книга
980 ## - КОЛЛЕКЦИЯ
Название коллекции НБР
980 ## - КОЛЛЕКЦИЯ
Название коллекции Национальная библиография
Экземпляры
Тип экземпляра Дата поступления Источник поступления Стоимость Библиотека постоянного хранения Библиотека текущего хранения Место хранения Шифр хранения Штрих-код Статус экземпляра
Книга 25.02.2020 Обязательный экземпляр 0.00 РНБ (Московский) РНБ (Московский) Русский книжный фонд: издания с 1957 года 2020-7/1290 1-3024173  
Книга 25.02.2020 Обязательный экземпляр 0.00 РНБ (Московский) РНБ (Московский) Русский книжный фонд: издания с 1957 года 2020-7/1290 1-3024174